Khái quát một số chính sách trị quốc, an dân của triều Lê-Trịnh (Thế kỷ XVII-XVIII) /

محفوظ في:
التفاصيل البيبلوغرافية
المؤلف الرئيسي: Nguyễn Đức Nhuệ.
التنسيق: مقال
اللغة:Vietnamese
الموضوعات:
الوسوم: إضافة وسم
لا توجد وسوم, كن أول من يضع وسما على هذه التسجيلة!
Thư viện lưu trữ: Thư viện Trường Đại học Đà Lạt
LEADER 00847nam a2200253 4500
001 DLU180184768
005 ##20180509
040 # # |a DLU  |b vie 
041 # # |a vie 
044 # # |a vn 
100 # # |a Nguyễn Đức Nhuệ. 
245 # # |a Khái quát một số chính sách trị quốc, an dân của triều Lê-Trịnh (Thế kỷ XVII-XVIII) /  |c Nguyễn Đức Nhuệ. 
653 # # |a Chính sách văn kinh tế-văn hóa-xã hội 
653 # # |a Lịch sử trung đại 
653 # # |a Triều Lê-Trịnh  
773 # # |t Nghiên cứu lịch sử  |g Số 5(481), 2016, tr. 18-33 
920 # # |a Phòng Tạp chí -- Trung tâm Thông tin - Thư viện Trường Đại học Đà Lạt 
900 # # |a True 
911 # # |a Nguyễn Thị Thu Phương 
925 # # |a G 
926 # # |a A 
927 # # |a BB 
980 # # |a Thư viện Trường Đại học Đà Lạt